Painters by Paintings - Statistics

General Stats
  • This quiz has been taken 1,347 times
  • The average score is 10 of 15
Answer Stats
Works Artist % Correct
"The Potato Eaters", "Wheatfield with Crows", "The Starry Night" Vincent Van Gogh
94%
"Water Lilies and the Japanese bridge", "The Rue Montorgueil", "London, Houses of Parliament. The Sun Shining through the Fog" Claude Monet
89%
"The Old Guitarist", "The young ladies of Avignon", "Guernica" Pablo Picasso
89%
"Virgin of the Rocks", "Vitruvian Man", "The Last Supper" Leonardo da Vinci
88%
"The Creation of Adam", "Doni Tondo (Doni Madonna)", "Last Judgment" Michelangelo Buonarroti
83%
"The Burning Giraffe", "The Persistence of Memory", "Dream Caused by the Flight of a Bee Around a Pomegranate a Second Before Awakening" Salvador Dalí
81%
"Judith and the Head of Holofernes", "Portrait of Adele Bloch-Bauer I", "The Kiss" Gustav Klimt
75%
"Olympia", "The Luncheon on the Grass", "A Bar at the Folies-Bergère" Édouard Manet
73%
"The Nude Maja", "The Third of May 1808", "Saturn Devouring His Son" Francisco Goya
67%
"Dance at Le moulin de la Galette", "Luncheon of the Boating Party", "La Parisienne" Pierre-Auguste Renoir
56%
"Liberty Leading the People", "The Barque of Dante", "Christ on the Sea of Galilee" Eugène Delacroix
51%
"The Death of Socrates", "Oath of the Horatii", "Napoleon Crossing the Alps" Jacques-Louis David
40%
"Bacchus", "The Calling of Saint Matthew", "The Seven Works of Mercy" Caravaggio
36%
"Ulysses Deriding Polyphemus", "Dido building Carthage, or The Rise of the Carthaginian Empire", "The Fighting Temeraire tugged to her last berth to be broken up, 1838" William Turner
30%
"The Stone Breakers", "The Origin of the World", "The Desperate Man" Gustave Courbet
24%
No matching quizzes found
Score Distribution
Percent of People with Each Score
Percentile by Number Answered
Your Score History
You have not taken this quiz